Captaires / (Record no. 44061)
[ view plain ]
| 000 -LEADER | |
|---|---|
| campo de control de longitud fija | 00534nam a2200181 i 4500 |
| 001 - NÚMERO DE CONTROL | |
| campo de control | 44061 |
| 003 - IDENTIFICADOR DE NÚMERO DE CONTROL | |
| campo de control | ES-MaACL |
| 005 - FECHA Y HORA DE LA ÚLTIMA TRANSACCIÓN | |
| campo de control | 20240430133602.0 |
| 007 - CAMPO FIJO DE DESCRIPCIÓN FÍSICA--INFORMACIÓN GENERAL | |
| campo de control de longitud fija | t| |
| 008 - DATOS DE LONGITUD FIJA--INFORMACIÓN GENERAL | |
| campo de control de longitud fija | 030320s1970 sp ||||1| cat d |
| 100 1# - ENTRADA PRINCIPAL--NOMBRE DE PERSONA | |
| Nombre de persona | Cesc. |
| 9 (RLIN) | 37681 |
| 245 10 - MENCIÓN DEL TÍTULO | |
| Título | Captaires / |
| Mención de responsabilidad, etc. | d'en Cesc ; próleg de M. Vázquez Montalbán. |
| 260 ## - PUBLICACIÓN, DISTRIBUCIÓN, ETC. | |
| Lugar de publicación, distribución, etc. | [Barcelona : |
| Nombre del editor, distribuidor, etc. | Lumen : |
| -- | Martínez, |
| Fecha de publicación, distribución, etc. | 1970] |
| 300 ## - DESCRIPCIÓN FÍSICA | |
| Extensión | 6 h., 35 lám. ; |
| Dimensiones | 27 cm. |
| 700 0# - ENTRADA AGREGADA--NOMBRE PERSONAL | |
| Nombre de persona | Vázquez Montalbán, Manuel, |
| Fechas asociadas al nombre | 1939- |
| 9 (RLIN) | 113463 |
| 852 ## - LOCALIZACIÓN | |
| Ubicación | ES-MaACL |
| Número de control de estantería | C-45198 |
| Sublocalización o colección | R.75910 |
| Estatus retirado | Estado de pérdida | Estado de daño | No para préstamo | Biblioteca de origen | Biblioteca actual | Ubicación en estantería | Fecha de adquisición | Fuente de adquisición | Total de préstamos | Signatura topográfica completa | Código de barras | Visto por última vez | Precio de reemplazo | Tipo de ítem Koha |
|---|---|---|---|---|---|---|---|---|---|---|---|---|---|---|
| Biblioteca del Ateneo de Madrid | Biblioteca del Ateneo de Madrid | Depósito 2 | 17/01/2008 | C-45198 | 1046374 | 23/02/2023 | 23/02/2023 | Libro impreso |
